000 01009nam a2200241 a 4500
001 79435
003 BD-RjUL
005 20220222113219.0
008 220222s2020 bg ||||| |||| 00| 0 ben d
020 _a98470000022884
_c:Tk.200.00
035 _a(BD-RjUL)79435
040 _aBD-RjUL
_beng
_cBD-RjUL
041 _aben
082 _223
_a305.89590591
_bKAR 2020
100 _aকরিম, আবদুল
_91262
245 _aরোহিঙ্গাদের ইতিহাস ও সংস্কৃতির রূপরেখা /
_cমূল আবদুল করিম, অনুবাদ মুস্তাফা মাসুদ
260 _aঢাকা :
_bজাতীয় সাহিত্য প্রকাশ,
_c২০২০
300 _a৯৫ পৃ.;
_c২২ সেমি.
650 _aরোহিঙ্গা (বর্মী জনগণ)
_91516
650 _aRohingya (Burmese people)
_91517
700 _aমাসুদ, মুস্তাফা
_91522
942 _2ddc
_cBK
999 _c79435
_d79435